000 00888nam a22002897a 4500
003 CHAP
005 20220329134600.0
008 971013s1974 r 00010 d
010 _a22519
011 _a23491
035 _a27587
040 _cCHAP
090 _aFolleto 9363
100 0 0 _aDucks Unlimited de México, A. C.
_934363
245 _aInforme anual, 1974-19
260 _a(México) :
_bDUMAC,
_c1974-19
300 _av.
_b: ilus. ; mapas ; gráfs.
590 _aBATCH-UPD
_b10
_c20130110
_lUCH01
_h0029
590 _aBATCH-UPD
_b10
_c20130409
_lUCH01
_h2011
590 _aBATCH-UPD
_b10
_c20130914
_lUCH01
_h1222
590 _aCONVERSION
_b10
_c20130109
_lUCH01
_h1313
650 1 4 _aPatos silvestres.
_986204
901 _aBK
942 _cFOLL
949 _aFolleto 9363
_bBC
_cFOLL
_d-135122
_eTS1
_i27587
_mD
_si
949 _aFolleto 9363
_bBC
_cFOLL
_d-135123
_eTS2
_fc.2
_i27587
_mD
_si
999 _c22519
_d22519